ბათუმის შოთა რუსთაველის სახელმწიფო უნივერსიტეტის ბიბლიოთეკა

ვაჟიშვილი (ბიბ.ჩანაწერი № 48640)

000 -LEADER
fixed length control field 00838nam a2200229Ia 4500
001 - CONTROL NUMBER
control field 15540
003 - CONTROL NUMBER IDENTIFIER
control field GE_BSU
008 - FIXED-LENGTH DATA ELEMENTS--GENERAL INFORMATION
fixed length control field 181216s||||||||xx |||||||||||||| ||und||
040 ## - CATALOGING SOURCE
Transcribing agency GE_BSU
080 ## - UNIVERSAL DECIMAL CLASSIFICATION NUMBER
Universal Decimal Classification number 82-93:821.161.1-3
100 ## - MAIN ENTRY--PERSONAL NAME
Personal name ბელახოვი,მ.
245 ## - TITLE STATEMENT
Title ვაჟიშვილი
245 ## - TITLE STATEMENT
Remainder of title მოთხრობა უფროსკლასელებისათვის
245 ## - TITLE STATEMENT
Statement of responsibility, etc. თარგმანი გიორგი გრიგორაშვილისა
260 ## - PUBLICATION, DISTRIBUTION, ETC.
Place of publication, distribution, etc. თბილისი
260 ## - PUBLICATION, DISTRIBUTION, ETC.
Name of publisher, distributor, etc. ლიტერატურა და ხელოვნება
260 ## - PUBLICATION, DISTRIBUTION, ETC.
Date of publication, distribution, etc. 1966
300 ## - PHYSICAL DESCRIPTION
Extent 82გვ.17სმ.
653 ## - INDEX TERM--UNCONTROLLED
Uncontrolled term ვაჟიშვილი
653 ## - INDEX TERM--UNCONTROLLED
Uncontrolled term მოთხრობა უფროსკლასელებისათვის
942 ## - ADDED ENTRY ELEMENTS (KOHA)
Koha item type წიგნი
ეგზემპლარები
Withdrawn status Lost status Damaged status Not for loan Date acquired Barcode Date last seen Price effective from Koha item type
        2018-12-17 21131 2018-12-17 2018-12-17 წიგნი